| 000 | 00573nam a2200217Ia 4500 | ||
|---|---|---|---|
| 003 | OSt | ||
| 005 | 20230922113958.0 | ||
| 008 | 210210b2001 xxu||||| |||| 00| 0 eng d | ||
| 020 | _a0 19 560226 9 | ||
| 040 | _cAL | ||
| 041 | _aEnglish | ||
| 082 | _a820.23 KART | ||
| 100 |
_aKARNAD (Girish). _9134484 |
||
| 245 | _aTughlaq: a play in thirteen scenes. | ||
| 260 |
_aChennai. _bOxford University Press., _c2001 |
||
| 300 | _ax,86 | ||
| 650 |
_aKannada Translation Tughlaq _9134485 |
||
| 690 |
_aIndian English Fiction _9134486 |
||
| 906 | _a057498 | ||
| 942 |
_2ddc _cBK |
||
| 999 |
_c105031 _d105031 |
||